Проблема личного бессмертия

Մատենագիտական մանրամասներ
Հիմնական հեղինակ: Вишев И. В. Игорь Владимирович
Լեզու:ռուսերեն
Հրապարակվել է: Новосибирск, Наука, 1990
Խորագրեր:
Ձևաչափ: Գիրք
KOHA link:https://koha.lib.tpu.ru/cgi-bin/koha/opac-detail.pl?biblionumber=19177

MARC

LEADER 00000nam0a2200000 4500
001 19177
005 20231101205244.0
010 |a 5020296007 
035 |a (RuTPU)RU\TPU\book\19338 
035 |a BOOK00000149 
090 |a 19177 
100 |a 20011209d1990 km y0rusy50 ca 
101 0 |a rus 
102 |a RU 
105 |a y z 000zy 
200 1 |a Проблема личного бессмертия  |f И. В. Вишев 
210 |a Новосибирск  |c Наука  |d 1990 
215 |a 246 с. 
606 1 |a Бессмертие души  |2 stltpush  |3 (RuTPU)RU\TPU\subj\28288  |9 51829 
610 1 |a философия 
610 1 |a религия 
610 1 |a общественная мысль 
610 1 |a смерть 
610 1 |a личность 
686 |a Ю612.4  |v LBC/SL-A  |2 rubbk 
700 1 |a Вишев  |b И. В.  |g Игорь Владимирович 
801 0 |a RU  |b 63413507  |c 20011209  |g PSBO 
801 2 |a RU  |b 63413507  |c 20140408  |g PSBO 
942 |c BK